Ben E. King Stand by Me lyrics quiz - Statistics

General Stats
  • This quiz has been taken 72 times
  • The average score is 123 of 132
Answer Stats
lyric % Correct
a
100%
by
100%
I
100%
me
100%
me,
100%
night
100%
stand
100%
Stand
100%
the
100%
And
98%
and
98%
be
98%
darlin',
98%
is
98%
No,
98%
No
98%
When
98%
won't
98%
Won't
98%
afraid
96%
long
96%
Oh,
96%
as
94%
Just
94%
only
94%
we
94%
you
94%
moon
91%
see
91%
has
89%
land
89%
come
87%
dark
87%
we'll
87%
cry,
85%
cry
85%
light
85%
look
85%
tear
85%
that
85%
upon
85%
fall
83%
shed
83%
crumble
81%
Should
81%
should
81%
to
81%
sky
79%
So
79%
sea
77%
If
72%
tumble
66%
mountains
64%
in
57%
now
53%
you're
49%
Whenever
47%
trouble
45%
No matching quizzes found
Score Distribution
Percent of People with Each Score
Percentile by Number Answered
Your Score History
You have not taken this quiz